000 00553cam a2200145 4500500
005 20260322014006.0
041 _afre
042 _adc
100 1 0 _aGuidon-Le Brun, Maryvonne
_eauthor
245 0 0 _aWater and waste: mastering the obligations imposed by chemical products and substances
260 _c2026.
500 _a40
786 0 _nChemical risk prevention manager | - | 2026-03-11 | p. 2-2
856 4 1 _uhttps://stm.cairn.info/chemical-risk-management-health-and-safety-at-work--bdti22743210-fic0308-page-2?lang=en&redirect-ssocas=7080
999 _c1785352
_d1785352